[Event "Visma Chess IM A"]
[Site "Vaxjo"]
[Date "2015.06.27"]
[Round "6"]
[White "Frisk, Ellinor"]
[Black "Cederstam Barsk, Carl"]
[Result "0-1"]
[WhiteElo "2249"]
[BlackElo "2336"]

1.d4 Nf6 2.c4 g6 3.g3 Bg7 4.Bg2 O-O 5.Nf3 d6 6.O-O Nc6 7.Nc3 a6 8.d5 Na5 
9.b3 c5 10.dxc6 Nxc6 11.Bb2 Qa5 12.Nd5 Nxd5 13.Bxg7 Nc3 14.Bxc3 Qxc3 15.
Rc1 Qf6 16.Qd2 Rd8 17.Rfd1 Rb8 18.Nd4 Bd7 19.Nxc6 Bxc6 20.Rc3 Rdc8 21.Rdc1
Bxg2 22.Kxg2 Rc6 23.c5 dxc5 24.Rxc5 Rbc8 25.Rxc6 Rxc6 26.Rxc6 Qxc6+ 27.Kg1
e5 28.Qd3 Kf8 29.Qe3 Qd5 30.Qc1 Kg7 31.Qc2 b5 32.b4 Qd4 33.Qb3 Qd2 34.e3 
Kf6 35.Kg2 h6 36.h4 Ke7 37.a3 g5 38.hxg5 hxg5 39.Kf3 Kf6 40.a4 Ke7 41.axb5
axb5 42.Qa3 Qd5+ 43.Ke2 Qc4+ 44.Kf3 g4+ 45.Kg2 Kf6 46.Qa6+ Kf5 47.Qd6 Ke4 
48.Qe7 f5 49.Qf8 Qc6 50.Kf1 Qe6 51.Qa8+ Qd5 52.Qf8 Qd1+ 53.Kg2 Qf3+ 54.Kg1
Qd1+ 55.Kg2 Qd7 56.Qa8+ Kd3 57.Kf1 Qd6 58.Qa3+ Kc4 59.Ke2 e4 60.Qc1+ Kxb4 
61.Qb2+ Ka5 62.Qa2+ Kb6 63.Qf7 Qc5 64.Qe6+ Ka5 65.Qa2+ Kb4 66.Qb2+ Ka4 67.
Qa1+ Qa3 68.Qd4+ Qb4 69.Qe5 Qc4+ 70.Ke1 Qc1+ 71.Ke2 b4 72.Qxf5 Qc2+ 73.Ke1
b3 74.Qxg4 b2 75.Qd7+ Ka3 76.Qd6+ Ka2 77.Qa6+ Kb1 78.f4 exf3 0-1

[Event "Visma Chess IM B"]
[Site "Vaxjo"]
[Date "2015.06.27"]
[Round "6"]
[White "Fries-Nielsen, Jens Ove"]
[Black "Von Bahr, Oskar"]
[Result "1-0"]
[WhiteElo "2442"]
[BlackElo "2381"]

1.e4 e5 2.Nf3 Nc6 3.d3 Nf6 4.c4 Bc5 5.Be2 d6 6.Nc3 Bg4 7.Bg5 h6 8.Be3 a6 
9.O-O Bxf3 10.Bxf3 O-O 11.Qd2 Nd4 12.Bd1 Nh7 13.Kh1 f5 14.exf5 Rxf5 15.Bg4
Rf8 16.Ne4 Qh4 17.f3 Ba7 18.Bf2 Qe7 19.Rae1 Kh8 20.Ng3 Rae8 21.Bh5 Rd8 22.
f4 Nf6 23.Bd1 Qd7 24.fxe5 dxe5 25.Be3 Nc6 26.Bxa7 Nxa7 27.Qb4 b6 28.Qa3 
Qxd3 29.Qxa6 Ne4 30.Bf3 Nxg3+ 31.hxg3 e4 32.Rd1 Qe3 33.Rde1 Qd3 34.Rd1 Qc2
35.Rxd8 Rxd8 36.Bg4 Nc6 37.Qb5 Nd4 38.Qe5 Qxc4 39.Rf4 Ne2 40.Bxe2 Qxe2 41.
Rxe4 Qf1+ 42.Kh2 Rd2 43.Kh3 Qxg2+ 44.Kg4 Rxb2 45.Qf5 Rf2 46.Re8# 1-0

[Event "Visma Chess IM B"]
[Site "Vaxjo"]
[Date "2015.06.27"]
[Round "6"]
[White "Christiansen, Johan-Sebastian"]
[Black "Andersson, Tommy"]
[Result "1-0"]
[WhiteElo "2397"]
[BlackElo "2400"]

1.Nf3 Nf6 2.c4 e6 3.g3 d5 4.Bg2 dxc4 5.Qa4+ Nbd7 6.Qxc4 c5 7.Qc2 b6 8.O-O 
Bb7 9.Nc3 Be7 10.d3 Nd5 11.a3 O-O 12.e4 Nxc3 13.bxc3 Qc7 14.Re1 e5 15.Nd2 
Bg5 16.Bb2 b5 17.Nf1 Nb6 18.Rad1 Na4 19.Ba1 c4 20.d4 Be7 21.Bb2 Rfd8 22.
Ne3 Rac8 23.Ng4 exd4 24.cxd4 Nxb2 25.Qxb2 Qa5 26.d5 Bxa3 27.Qc2 b4 28.e5 
Bxd5 29.Bxd5 Rxd5 30.e6 Rxd1 31.Qxd1 b3 32.exf7+ Kf8 33.Qe2 Qd8 34.Qe4 Qd7
35.Ne5 Qd2 36.Ng6+ hxg6 37.Qe8+ Rxe8 38.fxe8=Q# 1-0

[Event "Visma Chess IM B"]
[Site "Vaxjo"]
[Date "2015.06.27"]
[Round "6"]
[White "Olofsson-Dolk, Mattis"]
[Black "Bellon Lopez, Juan Manuel"]
[Result "0-1"]
[WhiteElo "2238"]
[BlackElo "2374"]

1.e4 c5 2.Nf3 e6 3.d4 cxd4 4.Nxd4 Nc6 5.Nc3 Qc7 6.Be3 Nf6 7.Bd3 a6 8.O-O 
Nxd4 9.Bxd4 Bc5 10.Bxc5 Qxc5 11.Kh1 d6 12.f4 O-O 13.Qe1 e5 14.Qh4 exf4 15.
Nd5 Nxd5 16.exd5 h6 17.Rxf4 Qxd5 18.Bc4 Qe5 19.Rxf7 Be6 20.Rxb7 Bxc4 21.
Qxc4+ Kh8 22.Rf1 Qe4 23.Rb8 Raxb8 0-1

[Event "Visma Chess IM B"]
[Site "Vaxjo"]
[Date "2015.06.27"]
[Round "6"]
[White "Rahul Kumar, Pune"]
[Black "Drugge, Patrick"]
[Result "1-0"]
[WhiteElo "2138"]
[BlackElo "2175"]

1.e4 e5 2.Nf3 Qe7 3.Nc3 c6 4.Bc4 d6 5.d4 Bg4 6.dxe5 dxe5 7.h3 Bh5 8.g4 Bg6
9.Qe2 Qc7 10.h4 h5 11.g5 Nd7 12.a3 a5 13.Bd2 Bc5 14.Ba2 Ne7 15.b4 Ba7 16.
Be3 Bxe3 17.Qxe3 axb4 18.axb4 O-O 19.O-O Kh8 20.Rad1 f6 21.Rd3 Bf7 22.Rfd1
Be8 23.Be6 Nb6 24.Qc5 Ng6 25.Bf5 Bf7 26.Nb5 Qe7 27.Qxb6 Qxb4 28.gxf6 Nf4 
29.Rd7 gxf6 30.Qxb7 Rab8 31.Qxc6 Rg8+ 32.Kh1 Qxb5 33.Qxf6+ Rg7 34.Rd8+ 1-0

[Event "Visma Chess GM"]
[Site "Vaxjo"]
[Date "2015.06.27"]
[Round "7"]
[White "Ochsner, Bjorn Moller"]
[Black "Solodovnichenko, Yuri"]
[Result "0-1"]
[WhiteElo "2413"]
[BlackElo "2587"]

1.e4 c5 2.Nf3 e6 3.d4 cxd4 4.Nxd4 Nc6 5.Nc3 d6 6.Be3 Nf6 7.f3 Be7 8.Qd2 
O-O 9.O-O-O a6 10.g4 Nd7 11.h4 Nde5 12.Qg2 Nxd4 13.Bxd4 Bd7 14.g5 b5 15.
Kb1 Qc7 16.f4 b4 17.Ne2 Rfc8 18.Ng3 Nc6 19.Bf6 Bf8 20.h5 a5 21.Bd3 b3 22.
cxb3 Nb4 23.Bc3 Nxd3 24.Rxd3 a4 25.f5 axb3 26.g6 Rxa2 27.gxf7+ Kxf7 28.
fxe6+ Bxe6 29.Qf2+ Kg8 30.Rg1 Qc4 31.Rf3 Be7 32.Qe3 Qa4 33.Kc1 Rxb2 0-1

[Event "Visma Chess GM"]
[Site "Vaxjo"]
[Date "2015.06.27"]
[Round "7"]
[White "Berg, Emanuel"]
[Black "Westerberg, Jonathan"]
[Result "1/2-1/2"]
[WhiteElo "2558"]
[BlackElo "2443"]

1.e4 c5 2.c3 Nf6 3.e5 Nd5 4.d4 cxd4 5.Nf3 Nc6 6.Bc4 Nb6 7.Bb3 d5 8.exd6 
Qxd6 9.O-O Be6 10.Na3 dxc3 11.Bxe6 Qxd1 12.Rxd1 fxe6 13.bxc3 g6 14.Ng5 Rd8
15.Re1 Bh6 16.Nxe6 Bxc1 17.Raxc1 Rd2 18.Nb5 Rxa2 19.Rb1 Nc4 20.Nbc7+ Kd7 
21.Rxb7 Rb8 22.Rxb8 Nxb8 23.Nb5 a5 24.Nf8+ Ke8 25.Nxh7 a4 26.h4 Rb2 27.Re4
a3 28.Nc7+ Kd8 29.Ne6+ Ke8 30.Nc7+ Kd8 31.Ne6+ Ke8 32.Rxc4 a2 33.Ra4 Rb1+ 
34.Kh2 a1=Q 35.Rxa1 Rxa1 36.g4 Nd7 37.Nhg5 Ne5 38.f3 Rc1 39.h5 gxh5 40.
gxh5 Nf7 41.Nc7+ Kf8 42.Nge6+ Kg8 43.Nd5 Kh7 44.Nxe7 Rxc3 45.Kg3 Kh6 46.
Nd5 Ra3 47.Ndf4 Ne5 48.Nd4 Kg5 49.Nde6+ Kh6 50.Nd4 Ra4 51.Nde6 Ra6 52.Nd4 
Ra4 53.Nde6 Rc4 54.Ng6 Nxg6 55.hxg6 Kxg6 56.Nf4+ Kf5 57.Ng2 Rc3 58.Nh4+ 
Kg5 59.Ng2 Ra3 60.Nh4 Rb3 61.Ng2 Kf5 62.Nh4+ Ke5 63.Ng2 Rb8 64.Kf2 Rg8 65.
Nh4 Kd4 66.Ng2 Kd3 67.Nf4+ Kd2 68.Ng2 Kd3 69.Nf4+ Kd4 70.Ng2 Ra8 71.Kg3 
Ra2 72.Nf4 Rd2 73.Ng2 Kd3 74.Nf4+ Ke3 75.Ng2+ Ke2 76.Nf4+ Kf1 77.Nh3 Rg2+ 
78.Kh4 Rg8 79.Ng5 Kf2 80.Kg4 Ke3 81.Kf5 Ra8 82.Kg4 Ra1 83.Nh3 Rf1 84.Ng5 
Rg1+ 85.Kf5 Rg2 86.f4 Rf2 87.Ne6 Ra2 88.Kf6 Ra5 89.f5 Ke4 90.Ng5+ Kf4 91.
Ne6+ Kg4 92.Ng7 Ra6+ 93.Ne6 Ra5 94.Ng7 Kf4 95.Kg6 Ra6+ 96.f6 Ke5 97.Ne8 
Rxf6+ 98.Nxf6 1/2-1/2

[Event "Visma Chess GM"]
[Site "Vaxjo"]
[Date "2015.06.27"]
[Round "7"]
[White "Tari, Aryan"]
[Black "Rusev, Krasimir"]
[Result "0-1"]
[WhiteElo "2521"]
[BlackElo "2541"]

1.e4 e5 2.Nf3 d6 3.d4 exd4 4.Nxd4 Nf6 5.Nc3 Be7 6.Be2 O-O 7.Bf4 Re8 8.Qd2 
c6 9.O-O-O b5 10.f3 b4 11.Na4 Bd7 12.b3 d5 13.Nf5 Bxf5 14.exf5 Bd6 15.Rhe1
Qc7 16.Bxd6 Qxd6 17.Bf1 Nbd7 18.g4 a5 19.Qf2 Qf4+ 20.Qd2 Qxf3 21.h3 Ne4 
22.Qh2 Nc3 23.Nxc3 Qxc3 24.Rxe8+ Rxe8 25.Qd6 Nf6 26.Bd3 h6 27.Kb1 c5 28.
Bb5 Re1 29.Rxe1 Qxe1+ 30.Kb2 Qc3+ 31.Kb1 Qxh3 32.Qxc5 Qxg4 33.Bd3 h5 34.
Qc8+ Kh7 35.Qb7 h4 36.Qxf7 h3 0-1

[Event "Visma Chess GM"]
[Site "Vaxjo"]
[Date "2015.06.27"]
[Round "7"]
[White "Svane, Rasmus"]
[Black "Johansson, Linus"]
[Result "1-0"]
[WhiteElo "2520"]
[BlackElo "2391"]

1.Nf3 Nf6 2.c4 b6 3.g3 Bb7 4.Bg2 g6 5.O-O Bg7 6.d4 O-O 7.d5 Na6 8.Nc3 Nc5 
9.Re1 Nfe4 10.Nxe4 Nxe4 11.Qc2 Nc5 12.e4 a5 13.Bf4 d6 14.e5 e6 15.Rad1 
exd5 16.cxd5 Re8 17.h4 Bc8 18.e6 fxe6 19.dxe6 Bxe6 20.Ng5 Kh8 21.Rxe6 1-0

[Event "Visma Chess GM"]
[Site "Vaxjo"]
[Date "2015.06.27"]
[Round "7"]
[White "Smith, Axel"]
[Black "Fernandez, Daniel H"]
[Result "0-1"]
[WhiteElo "2452"]
[BlackElo "2447"]

1.d4 b5 2.e4 a6 3.Nf3 Bb7 4.Bd3 e6 5.O-O c5 6.c3 d6 7.Re1 Nd7 8.Nbd2 Qc7 
9.a4 c4 10.Bb1 Be7 11.Nf1 Ngf6 12.Ng3 O-O 13.h4 Rfe8 14.h5 e5 15.Nf5 Bf8 
16.axb5 axb5 17.Rxa8 Rxa8 18.Nd2 g6 19.hxg6 hxg6 20.Ne3 Bg7 21.d5 Nc5 22.
Ng4 Bc8 23.Nxf6+ Bxf6 24.Qf3 Bg5 25.Nf1 Qe7 26.Ne3 Nb3 27.Bc2 Nxc1 28.Rxc1
Ra2 29.b3 Qa7 30.bxc4 bxc4 31.Qe2 Bg4 32.Qe1 Bxe3 33.fxe3 Qa3 34.Kh2 Kg7 
35.Qf1 Be2 36.Qe1 Qb2 37.Bb1 Ra1 38.Rc2 Qxb1 39.Qxe2 Qg1+ 40.Kg3 Re1 41.
Qf2 Rxe3+ 42.Kg4 Qd1+ 43.Kg5 Qh5# 0-1

[Event "Visma Chess IM A"]
[Site "Vaxjo"]
[Date "2015.06.27"]
[Round "7"]
[White "Rydstrom, Tom"]
[Black "Lindgren, Philip"]
[Result "1/2-1/2"]
[WhiteElo "2282"]
[BlackElo "2374"]

1.e4 c5 2.Nf3 d6 3.d4 cxd4 4.Nxd4 Nf6 5.Nc3 a6 6.Be3 e5 7.Nf3 Qc7 8.a4 Be7
9.Be2 O-O 10.O-O h6 11.h3 Be6 12.a5 Nbd7 13.Nd5 Nxd5 14.exd5 Bf5 15.c4 Bg6
16.Nd2 f5 17.f4 Bf6 18.Ra2 Rae8 19.Kh1 exf4 20.Bxf4 Be5 21.b4 Qd8 22.Nb3 
Qh4 23.Bxe5 Rxe5 24.Nd4 Re3 25.Ne6 Rxh3+ 26.gxh3 Qxh3+ 27.Kg1 Qg3+ 28.Kh1 
Qh3+ 1/2-1/2

[Event "Visma Chess IM A"]
[Site "Vaxjo"]
[Date "2015.06.27"]
[Round "7"]
[White "Kvisvik, Brede Alexander"]
[Black "Frisk, Ellinor"]
[Result "0-1"]
[WhiteElo "2293"]
[BlackElo "2249"]

1.Nf3 d5 2.c4 c6 3.d4 Nf6 4.g3 dxc4 5.Bg2 g6 6.O-O Bg7 7.a4 O-O 8.Na3 Na6 
9.Nxc4 Be6 10.b3 Bd5 11.Ba3 Rc8 12.Rc1 Re8 13.Nce5 Nd7 14.e4 Nxe5 15.Nxe5 
Be6 16.Nf3 Qb6 17.d5 cxd5 18.exd5 Rxc1 19.Bxc1 Bf5 20.Be3 Qa5 21.Nd4 Bd7 
22.Re1 Nc5 23.Bd2 Qb6 24.a5 Qc7 25.Bc3 Bf6 26.b4 Na4 27.Ba1 Rc8 28.a6 Rd8 
29.axb7 Qxb7 30.Nc6 Bxc6 31.dxc6 Rxd1 32.cxb7 Rxe1+ 33.Bf1 Rxa1 34.b8=Q+ 
Kg7 35.Qxa7 Nc3 36.Qc5 Rb1 37.Kg2 Rb2 38.Qc4 e6 39.g4 Nd5 40.Qc1 Rxb4 41.
Bc4 h6 42.Bxd5 exd5 43.Qd1 Rd4 44.Qe2 Rb4 45.Qd1 d4 46.Qd3 g5 47.h4 gxh4 
48.f4 Ra4 49.Qf5 Ra3 50.Kh2 Rg3 51.Qd7 d3 52.Kh1 Bc3 53.g5 hxg5 54.fxg5 d2
55.Qd5 Kg6 56.Kh2 Rxg5 57.Qd3+ Kh6 58.Qxc3 d1=Q 59.Qf6+ Rg6 60.Qh8+ Kg5 
61.Qe5+ f5 62.Qe3+ Kf6 63.Qc3+ Ke6 64.Qe3+ Kf7 65.Qa7+ Kg8 0-1

[Event "Visma Chess IM A"]
[Site "Vaxjo"]
[Date "2015.06.27"]
[Round "7"]
[White "Shkuran, Daniil"]
[Black "Livner, Anders"]
[Result "0-1"]
[WhiteElo "2389"]
[BlackElo "2347"]

1.e4 c6 2.d4 d5 3.Nc3 dxe4 4.Nxe4 Bf5 5.Ng3 Bg6 6.N1e2 Nf6 7.Nf4 e5 8.Nxg6
hxg6 9.Be3 Nbd7 10.Qd2 Qc7 11.O-O-O Be7 12.Bc4 Nb6 13.Bb3 exd4 14.Bxd4 c5 
15.Qc3 Qc6 16.Bxf6 Bxf6 17.Qe3+ Kf8 18.c3 Re8 19.Qf3 Qxf3 20.gxf3 Bg5+ 21.
Kb1 Bf4 22.a4 a5 23.Ne4 c4 24.Bc2 Rxh2 25.Rxh2 Bxh2 26.Rh1 Bc7 27.Rh8+ Ke7
28.Rxe8+ Kxe8 29.Nc5 Nc8 30.Nxb7 Bb6 31.b3 cxb3 32.Bxb3 Kd7 33.c4 Kc6 34.
c5 Bc7 35.Nd6 Bxd6 36.cxd6 Nxd6 37.Kc2 Kc5 38.Kc3 g5 39.Ba2 f6 40.Be6 Ne8 
41.Kd3 Nc7 42.Bd7 Kd5 43.Bc8 Ne8 44.Bb7+ Kc5 45.Bc8 Nd6 46.Bd7 Nc4 47.Bb5 
Nb6 48.Kc3 Nd5+ 49.Kb3 Kd4 50.Bf1 Nf4 51.Kc2 Ne6 52.Ba6 Nf4 53.Bf1 Ng6 54.
Bd3 Ne5 55.Be2 f5 56.Kd2 g4 57.fxg4 Nxg4 58.Ke1 Ne5 59.Kf1 g5 60.Kg2 f4 
61.Bb5 Kc3 62.Be8 Kd2 63.Kf1 Nd3 64.Bb5 Ne5 65.Be8 Kd3 66.Bb5+ Ke4 67.Kg2 
Kf5 68.Be2 g4 69.Bb5 Ke4 70.Be8 Kd3 71.Bb5+ Kc3 72.Be8 Kb4 73.Bb5 Kc5 74.
Be8 Kd4 75.Bb5 Ke4 76.Ba6 Kf5 77.Bc8+ Kg5 78.Ba6 Kh4 79.Bb5 f3+ 80.Kh2 Nf7
81.Bd7 Ng5 82.Kg1 Nh3+ 83.Kf1 Kg5 84.Bc8 Kf4 85.Bd7 Ng5 86.Bc6 Ne4 87.Kg1 
Nc3 88.Kf1 Ne4 89.Ke1 Nd6 90.Kf1 Nf5 91.Bb7 g3 92.fxg3+ Kxg3 93.Ba6 Nd6 
94.Bd3 Nb7 95.Be4 Nc5 96.Bc6 Nb3 97.Bb5 Nd2+ 98.Ke1 Ne4 99.Kf1 f2 100.Ke2 
Nc3+ 101.Kf1 Kf3 102.Bc6+ Ke3 103.Be8 Ne4 104.Bb5 Nd2+ 105.Kg2 Ne4 106.Kf1
Nc3 107.Bc6 Ne2 108.Bb5 Nd4 109.Ba6 Kf3 110.Bb7+ Kg3 111.Ba6 Nf3 112.Ke2 
Ng5 113.Kf1 Kf3 114.Bb7+ Ke3 115.Ba6 Nf3 116.Kg2 Nd2 117.Bb5 Nb3 118.Bc4 
Nc5 119.Bb5 Ne4 120.Kf1 Nd6 121.Bc6 Nf5 122.Bb5 Kf3 123.Bc6+ Kg3 0-1

[Event "Visma Chess IM A"]
[Site "Vaxjo"]
[Date "2015.06.27"]
[Round "7"]
[White "Pettersson, Anders"]
[Black "Carstensen, Jacob"]
[Result "1-0"]
[WhiteElo "2310"]
[BlackElo "2358"]

1.d4 d5 2.c4 c6 3.Nc3 e6 4.Nf3 dxc4 5.a4 Bb4 6.e3 b5 7.Bd2 Nf6 8.axb5 Bxc3
9.Bxc3 cxb5 10.b3 Nd5 11.Ba5 Qe7 12.bxc4 bxc4 13.Bxc4 Nc6 14.Bxd5 exd5 15.
O-O O-O 16.Qc2 Bd7 17.Qa2 Qe6 18.Rfc1 Rfc8 19.Rc5 Ne7 20.Bc7 h6 21.h3 a6 
22.Rac1 Bb5 23.Ne5 f6 24.Nf3 Nc6 25.Ba5 Ne7 26.Bb4 Bc4 27.Qa1 Rab8 28.
Rxc8+ Nxc8 29.Bc5 Nd6 30.Bxd6 Qxd6 31.Nd2 Bb5 32.Nb3 Qb4 33.Nc5 Rc8 34.Rb1
Qc4 35.Qa3 Qe2 36.Ra1 Kh7 37.Qb3 Qc4 38.Qb1+ Kg8 39.Qf5 Re8 40.Kh2 Kf7 41.
Qh5+ Kf8 42.Qf5 Kf7 43.Ra3 Kg8 44.Rb3 Kf7 45.Rb2 Re7 46.h4 g6 47.Qf4 Kg7 
48.h5 Qc1 49.Qd6 Rf7 50.Ne6+ Kh7 51.hxg6+ Kxg6 52.Nf4+ Kg7 53.Qb4 Qc4 54.
Qd2 Qc7 55.Qd1 f5 56.Qf3 Qd6 57.Kg1 Bc4 58.Rb8 Kh7 59.Qh5 Kg7 60.Re8 Rf6 
61.Re5 Qd7 62.Qh3 Kh7 63.Nh5 Rf7 64.Qh4 Qd6 65.Re8 a5 66.Nf4 Qf6 67.Qh5 
Rb7 68.Re6 Qg5 69.Qe8 Qh4 70.Nh3 Rg7 71.Qf8 Qh5 72.Re8 Qf7 73.Qh8+ Kg6 74.
Nf4+ Kg5 75.Ne6+ 1-0

[Event "Visma Chess IM A"]
[Site "Vaxjo"]
[Date "2015.06.27"]
[Round "7"]
[White "Cederstam Barsk, Carl"]
[Black "Milchev, Nikolay"]
[Result "0-1"]
[WhiteElo "2336"]
[BlackElo "2395"]

1.Nf3 d6 2.d4 g6 3.c4 Bg7 4.e4 Bg4 5.Be2 Bxf3 6.Bxf3 Nc6 7.Be3 e5 8.d5 Nd4
9.Qa4+ Kf8 10.Bd1 Nf6 11.Nc3 Nd7 12.Be2 h5 13.Qd1 c5 14.Qd2 a6 15.O-O Qe7 
16.g3 Kg8 17.Rae1 Rf8 18.f4 h4 19.f5 hxg3 20.hxg3 Bf6 21.fxg6 fxg6 22.Kg2 
Rf7 23.Bg4 Rfh7 24.Rh1 Nf8 25.Nd1 Rxh1 26.Rxh1 Rxh1 27.Kxh1 Nh7 28.Qd3 Bg5
29.Bf2 Nf6 30.Bh3 Qc7 31.Nc3 Bc1 32.Qf1 Bg5 33.Be1 Kg7 34.Qd3 Qb6 35.Na4 
Qc7 36.Nc3 Qa5 37.Qd1 Qb6 38.b3 Qd8 39.Bf1 Qd7 40.Qd3 Qg4 41.Kg2 Nh5 42.
Qd1 Qd7 43.Kh2 Nf6 44.Bh3 Qe8 45.Bf2 Qd8 46.Be1 b5 47.Qd3 Qa5 48.Qb1 Nf3+ 
49.Kg2 Nxe1+ 50.Qxe1 bxc4 51.bxc4 Qb4 52.Kf3 Qxc4 53.Bf1 Qd4 54.Nd1 c4 55.
Qe2 Nxe4 56.Qxe4 Qxd1+ 57.Kg2 Qd2+ 58.Kh3 Qxa2 59.Bxc4 Qa4 60.Qd3 a5 61.
Bb3 Qd7+ 62.Kg2 Qf5 63.Qc4 e4 64.Bd1 e3 65.Bf3 Qe5 66.Qc7+ Kh6 67.Qxa5 
Qb2+ 68.Kh3 Bf6 69.Qa6 Be5 70.Qe2 Qd4 71.Qd1 Qc3 72.Kg4 Qc8+ 0-1

[Event "Visma Chess IM B"]
[Site "Vaxjo"]
[Date "2015.06.27"]
[Round "7"]
[White "Andersson, Tommy"]
[Black "Fries-Nielsen, Jens Ove"]
[Result "1-0"]
[WhiteElo "2400"]
[BlackElo "2442"]

1.d4 d6 2.e4 a6 3.Be3 Nf6 4.f3 e6 5.Bd3 Nc6 6.Qd2 Bd7 7.c4 e5 8.d5 Ne7 9.
Nc3 Ng6 10.Nge2 Be7 11.g3 h6 12.h4 Qb8 13.a4 a5 14.h5 Nf8 15.O-O-O N8h7 
16.b3 Ng5 17.Rdf1 Nh3 18.Ng1 Nxg1 19.Rfxg1 Nh7 20.Kb2 Bg5 21.f4 Bf6 22.Ka2
Qd8 23.c5 O-O 24.Rc1 dxc5 25.Bxc5 Re8 26.Qc2 Be7 27.Be3 Bd6 28.Nb5 Bxb5 
29.Bxb5 Re7 30.Bd3 Nf6 31.f5 Re8 32.Bb5 Rf8 33.Rhg1 Ng4 34.Bd2 Qe7 35.Be2 
Nf6 36.g4 Nh7 37.Be3 Rfc8 38.Rcf1 Qf6 39.Bb5 Rd8 40.g5 hxg5 41.Qc1 c6 42.
dxc6 bxc6 43.Qxc6 Rac8 44.Qb6 Rc2+ 45.Kb1 Rc3 46.Kb2 Rdc8 47.Rg2 Qe7 48.
Rff2 Ba3+ 49.Ka2 Bc1 50.Bxc1 Rxc1 51.Rb2 Qb4 52.Qe3 R1c3 53.Qe2 Rd8 54.h6 
gxh6 55.Qh5 Rd6 56.Rge2 Kg7 57.Be8 Rc7 58.Qh2 Re7 59.Bb5 Nf6 60.Qg2 Rd4 
61.Bc6 Rc7 62.Ba8 Rcd7 63.Qg3 Re7 64.Rh2 Ng8 65.Bd5 Qb6 66.Rbc2 Rd1 67.Qf3
Qg1 68.Qc3 Nf6 69.Qxa5 Ra1+ 70.Kb2 Qb1+ 71.Kc3 Qe1+ 72.Rhd2 g4 73.Qc5 Rd7 
74.Qc6 Rd1 75.Qc4 Rxd5 76.exd5 Rxd2 77.Rxd2 Ne4+ 78.Kd3 Nxd2 79.Qxg4+ Kf6 
80.Qh5 e4+ 81.Kc2 Qe3 82.Qh4+ Kg7 83.f6+ Kh7 84.Qg4 Qd3+ 85.Kc1 Qc3+ 86.
Kd1 Qf3+ 87.Qxf3 Nxf3 88.d6 Ne5 89.a5 h5 90.a6 1-0

[Event "Visma Chess IM B"]
[Site "Vaxjo"]
[Date "2015.06.27"]
[Round "7"]
[White "Drugge, Patrick"]
[Black "Christiansen, Johan-Sebastian"]
[Result "0-1"]
[WhiteElo "2175"]
[BlackElo "2397"]

1.e4 c5 2.Nc3 a6 3.g3 b5 4.Bg2 Bb7 5.d3 e6 6.f4 b4 7.Nce2 d5 8.e5 Nc6 9.c3
a5 10.Nf3 Nh6 11.O-O Be7 12.h3 Nf5 13.g4 Nh4 14.Nxh4 Bxh4 15.Be3 Be7 16.
Ng3 Qb6 17.d4 O-O 18.Qd2 Ba6 19.Rf3 bxc3 20.bxc3 cxd4 21.cxd4 Rab8 22.Rc1 
Rfc8 23.f5 Ba3 24.Rd1 Qb2 25.fxe6 fxe6 26.Bf2 Qxd2 27.Rxd2 Rb2 28.Rxb2 
Bxb2 29.Rb3 Bxd4 30.Bxd4 Nxd4 31.Rb6 Bc4 32.Nh5 Rc7 33.a4 Kf7 34.Kf2 Nc6 
35.Ke3 Nxe5 36.Nf4 Nc6 37.Nd3 Bxd3 38.Kxd3 Kf6 39.Rb1 Nb4+ 40.Ke3 Rc3+ 41.
Kd4 Rc4+ 42.Ke3 Ke5 0-1

[Event "Visma Chess IM B"]
[Site "Vaxjo"]
[Date "2015.06.27"]
[Round "7"]
[White "Pohjala, Henri"]
[Black "Rahul Kumar, Pune"]
[Result "1-0"]
[WhiteElo "2404"]
[BlackElo "2138"]

1.d4 d6 2.g3 Bd7 3.Bg2 Qc8 4.e4 e5 5.d5 c5 6.a4 Be7 7.Nc3 Nf6 8.Qe2 Na6 9.
h3 Nb4 10.Nf3 h6 11.g4 Nh7 12.Nd1 Ng5 13.c3 Na6 14.Nd2 Nh7 15.Nc4 Qc7 16.
h4 O-O-O 17.Nde3 g6 18.Nc2 h5 19.g5 f6 20.gxf6 Nxf6 21.Bd2 Rdf8 22.b3 Qd8 
23.O-O-O Ne8 24.f4 Bg4 25.Bf3 Bxf3 26.Qxf3 Bf6 27.fxe5 dxe5 28.Kb2 Nd6 29.
Qh3+ Kc7 30.Nxd6 Qxd6 31.Ne3 Qd7 32.Nc4 Qg4 33.Qxg4 hxg4 34.Rdg1 g5 35.
hxg5 Rxh1 36.Rxh1 Rh8 37.Rg1 Bg7 38.Rxg4 Nb8 39.Kc2 Nd7 40.Rg3 Rh4 41.Kd3 
b6 42.Be3 a6 43.Rf3 Bf8 44.Rf7 Kd8 45.g6 Rg4 46.Rxd7+ 1-0

[Event "Visma Chess IM B"]
[Site "Vaxjo"]
[Date "2015.06.27"]
[Round "7"]
[White "Von Bahr, Oskar"]
[Black "Olofsson-Dolk, Mattis"]
[Result "1-0"]
[WhiteElo "2381"]
[BlackElo "2238"]

1.c4 Nf6 2.g3 g6 3.Bg2 d5 4.cxd5 Nxd5 5.Nc3 Nb6 6.d3 Bg7 7.Be3 Nc6 8.Nf3 
O-O 9.Qd2 e5 10.Bh6 Re8 11.h4 Nd4 12.h5 Bxh6 13.Qxh6 Nf5 14.Qd2 Qe7 15.
hxg6 fxg6 16.g4 Nd4 17.Ng5 Nc2+ 18.Qxc2 Qxg5 19.Nd5 Nxd5 20.Bxd5+ Be6 21.
Bxb7 Rab8 22.Bf3 Qe7 23.b3 Qb4+ 24.Kf1 Re7 25.Rc1 Rf7 26.Qc6 Qf4 27.Qc5 
Rd8 28.Ke1 Bd5 29.Rh3 e4 30.dxe4 Bxe4 31.Qc4 Qd2+ 32.Kf1 Bd5 33.Bxd5 Rxd5 
34.Rf3 Re7 35.Rcc3 Kg7 36.Rce3 Red7 37.Qf4 Rd8 38.Re7+ 1-0

[Event "Visma Chess GM"]
[Site "Vaxjo"]
[Date "2015.06.28"]
[Round "8"]
[White "Solodovnichenko, Yuri"]
[Black "Smith, Axel"]
[Result "0-1"]
[WhiteElo "2587"]
[BlackElo "2452"]

1.e4 c5 2.Nc3 Nc6 3.Nf3 e6 4.d4 cxd4 5.Nxd4 a6 6.Be3 Nf6 7.Nxc6 bxc6 8.e5 
Nd5 9.Nxd5 cxd5 10.Bd3 d6 11.Bd4 dxe5 12.Bxe5 Qg5 13.Qe2 f6 14.Bg3 Be7 15.
h4 Qh6 16.Qf3 f5 17.Bf4 Qf6 18.O-O-O O-O 19.Rde1 Qd4 20.Be5 Qa4 21.Kb1 Bf6
22.h5 Bxe5 23.Rxe5 Rb8 24.b3 Qd4 25.Qe2 a5 26.h6 g6 27.g3 a4 28.Rc1 f4 29.
g4 f3 30.Qe3 Qc3 31.Qe1 Qd4 32.Rg5 axb3 33.cxb3 Qxd3+ 34.Rc2 Qd4 35.Re5 
Ba6 36.Re3 Bd3 37.Rxd3 Qxd3 38.Qxe6+ Rf7 39.Kc1 Rf8 40.b4 Qe4 41.Qd6 Qe7 
42.Qb6 Qf6 43.Qc5 Qa1+ 44.Kd2 Re8 45.Kd3 Qd1+ 46.Kc3 d4+ 47.Kb2 d3 48.Rc4 
Qe2+ 0-1

[Event "Visma Chess GM"]
[Site "Vaxjo"]
[Date "2015.06.28"]
[Round "8"]
[White "Svane, Rasmus"]
[Black "Berg, Emanuel"]
[Result "1-0"]
[WhiteElo "2520"]
[BlackElo "2558"]

1.d4 Nf6 2.c4 g6 3.Nc3 Bg7 4.e4 d6 5.Nf3 O-O 6.Be2 Nbd7 7.O-O e5 8.Be3 Qe7
9.Qc2 c6 10.Rad1 h6 11.h3 exd4 12.Rxd4 Re8 13.Bf4 Ne5 14.Rd2 Nfd7 15.Rfd1 
Nxf3+ 16.Bxf3 Ne5 17.Be2 Be6 18.Rxd6 Nxc4 19.Bxc4 Bxc4 20.Rd7 Qb4 21.Bd6 
Qb6 22.Na4 Qb5 23.Nc5 b6 24.b3 Be2 25.Rd2 bxc5 26.Rxe2 Bd4 27.e5 Re6 28.
Qe4 Rae8 29.Qf3 f5 30.exf6 1-0

[Event "Visma Chess GM"]
[Site "Vaxjo"]
[Date "2015.06.28"]
[Round "8"]
[White "Fernandez, Daniel H"]
[Black "Tari, Aryan"]
[Result "1-0"]
[WhiteElo "2447"]
[BlackElo "2521"]

1.b3 e5 2.Bb2 Nc6 3.c4 g6 4.h4 Bg7 5.h5 d6 6.e3 Be6 7.Ne2 Nge7 8.Nbc3 O-O 
9.hxg6 fxg6 10.Ne4 Nf5 11.N2c3 h6 12.a3 Qd7 13.Bd3 Rae8 14.Qc2 Nfe7 15.f3 
Na5 16.Ne2 b6 17.Nf2 c5 18.Bc3 Bf5 19.Bxa5 bxa5 20.Bxf5 gxf5 21.Rb1 Rb8 
22.e4 fxe4 23.Nxe4 Nf5 24.N2c3 Nd4 25.Qd3 Rbd8 26.Nd5 Rf5 27.Kf2 Rdf8 28.
Rh3 Qe6 29.b4 cxb4 30.axb4 axb4 31.Rxb4 Qd7 32.Qb1 Kh8 33.Rb7 Qc6 34.Rc7 
Qa6 35.Qh1 R8f7 36.Rxh6+ Kg8 37.Rxd6 Qa3 38.Rd8+ Bf8 39.Nef6+ 1-0

[Event "Visma Chess GM"]
[Site "Vaxjo"]
[Date "2015.06.28"]
[Round "8"]
[White "Westerberg, Jonathan"]
[Black "Ochsner, Bjorn Moller"]
[Result "1/2-1/2"]
[WhiteElo "2443"]
[BlackElo "2413"]

1.e4 c5 2.Nf3 d6 3.Bb5+ Nc6 4.Bxc6+ bxc6 5.e5 f6 6.exd6 e5 7.d3 Bxd6 8.
Nfd2 Ne7 9.Nc3 O-O 10.O-O Nd5 11.Nc4 Be7 12.f4 exf4 13.Bxf4 Nxf4 14.Rxf4 
f5 15.Rf1 Bf6 16.Qf3 Qc7 17.Rae1 Bd7 18.Na4 Rae8 19.c3 Be6 20.Nxc5 Bd5 21.
Qf2 a5 22.a4 g6 23.Nb3 h5 24.Nbxa5 Ra8 25.Nb3 Qf7 26.Nc5 Bxc4 27.dxc4 Rfd8
28.Re6 h4 29.Rfe1 Bg5 30.Qf3 Rab8 31.Qxc6 Rdc8 32.Qd5 Kg7 33.b4 Rd8 34.
Qe5+ Kh6 35.Rf1 Re8 36.a5 Rbc8 37.Re1 Bf6 38.Qf4+ Bg5 39.Qd4 Bf6 40.Qd2+ 
Bg5 41.Qd5 Red8 42.Qb7 Rc7 43.Rxg6+ Kxg6 44.Qb6+ Kh5 45.Ne6 Re8 46.Ng7+ 
Qxg7 47.Rxe8 Re7 48.Qb8 Rxe8 49.Qxe8+ Kh6 50.Qe6+ Bf6 51.Qxf5 Bxc3 52.Qe6+
Kh7 53.Qe4+ Kg8 54.c5 Qf6 55.g3 h3 56.Qe8+ Kg7 57.Qd7+ Kg8 58.Qg4+ Kf7 59.
Qc4+ Kg7 60.Qg4+ Kf7 61.Qf4 Qxf4 62.gxf4 Bxb4 63.Kf2 Kf6 64.Kg3 Kf5 65.
Kxh3 Kxf4 66.a6 Bxc5 67.Kh4 Kf5 68.Kh5 1/2-1/2

[Event "Visma Chess IM A"]
[Site "Vaxjo"]
[Date "2015.06.28"]
[Round "8"]
[White "Carstensen, Jacob"]
[Black "Lindgren, Philip"]
[Result "1/2-1/2"]
[WhiteElo "2358"]
[BlackElo "2374"]

1.e4 c5 2.Nf3 d6 3.d4 cxd4 4.Nxd4 Nf6 5.Nc3 a6 6.Be3 e5 7.Nb3 Be6 8.h3 Be7
9.g4 d5 10.g5 d4 11.gxf6 Bxf6 12.Nc5 dxe3 13.Qxd8+ Bxd8 14.fxe3 Bh4+ 15.
Kd2 b6 16.Nxe6 fxe6 17.Bc4 Ke7 18.a4 Nd7 19.Ke2 Rhc8 20.Bd3 Rc7 21.Rhg1 
Bf6 22.Rh1 Bh4 23.Rhg1 Bf6 24.Rh1 Bh4 25.Rhg1 Bf6 26.Rh1 1/2-1/2

[Event "Visma Chess IM A"]
[Site "Vaxjo"]
[Date "2015.06.28"]
[Round "8"]
[White "Milchev, Nikolay"]
[Black "Kvisvik, Brede Alexander"]
[Result "1-0"]
[WhiteElo "2395"]
[BlackElo "2293"]

1.Nf3 c5 2.e3 Nf6 3.b3 g6 4.Bb2 Bg7 5.c4 O-O 6.Be2 Nc6 7.O-O d6 8.d4 cxd4 
9.exd4 d5 10.Nc3 Bf5 11.c5 Ne4 12.a3 e5 13.Nxe4 dxe4 14.Nxe5 Nxe5 15.dxe5 
Re8 16.f4 exf3 17.Bxf3 Qc7 18.Qd6 Qxd6 19.cxd6 Bxe5 20.Bxe5 Rxe5 21.Rac1 
Rd8 22.Rfd1 Rd7 23.Rd4 Rb5 24.b4 a5 25.Rc5 Rb6 26.Rxa5 Kg7 27.Kf2 h5 28.
Ke3 Kf6 29.a4 h4 30.Rc5 h3 31.g4 Be6 32.g5+ Kg7 33.a5 Ra6 34.Rc7 Raxd6 35.
Rxd7 1-0

[Event "Visma Chess IM A"]
[Site "Vaxjo"]
[Date "2015.06.28"]
[Round "8"]
[White "Pettersson, Anders"]
[Black "Shkuran, Daniil"]
[Result "1/2-1/2"]
[WhiteElo "2310"]
[BlackElo "2389"]

1.d4 Nf6 2.Nf3 g6 3.c4 Bg7 4.Nc3 O-O 5.e4 d6 6.Be2 e5 7.O-O Nc6 8.Be3 Ng4 
9.Bg5 f6 10.Bc1 Nh6 11.h3 exd4 12.Nxd4 Nxd4 13.Qxd4 f5 14.Qd5+ Kh8 15.Be3 
f4 16.Bd4 Nf7 17.Bxg7+ Kxg7 18.c5 Ne5 19.cxd6 cxd6 20.f3 Bxh3 21.gxh3 Qg5+
22.Kh1 Qg3 23.Qxd6 Qxh3+ 24.Kg1 Qg3+ 25.Kh1 Qh4+ 26.Kg2 Qg5+ 27.Kh2 Rad8 
28.Qb4 h5 29.Rad1 Qg3+ 30.Kh1 Qh3+ 31.Kg1 Qg3+ 32.Kh1 Qh3+ 33.Kg1 Qg3+ 
1/2-1/2